000 005280000a22001810004500
001 768714001
003 CO-MdFUSB
005 20170505110416.0
008 170505s1997 sp ||||| |||| 00| 0 spa d
040 _aCO-MdFUSB
_bspa
_cCO-MdFUSB
_dCO-MdFUSB
041 _aspa
100 1 _aSuárez, Manuel
_eautor
245 1 0 _a¿Para qué el ocio?
300 _aVolumen 3, (1997) Páginas 5 - 17
_c21 cm.
546 _aTexto en español
773 0 _tAndamio
_049451
_960434
_gVolumen 3, (1997) Páginas 5 - 17
_qPágina 5
942 _cANA
999 _c49824
_d49824